Quantum Computing for Everyone
| Автор: | |
|---|---|
| Формат: | Невідомо |
| Опубліковано: |
MIT
2019
|
| LEADER | 00190 a2200085 4500 | ||
|---|---|---|---|
| 020 | |a 9780262039253 | ||
| 100 | |a Chris Bernhardt | ||
| 245 | |a Quantum Computing for Everyone | ||
| 260 | |b MIT |c 2019 | ||
| 999 | |c 41871 |d 41871 | ||